| 000 | 00429nam a22001577a 4500 | ||
|---|---|---|---|
| 999 |
_c3897 _d3897 |
||
| 008 | 200707b ||||| |||| 00| 0 eng d | ||
| 020 | _a0900335963 | ||
| 082 | 0 | 0 |
_a621.3 _bK891 |
| 100 |
_91274 _aKraal, Edmund G. R. |
||
| 245 | 1 | 0 |
_aReed's basic electrotechnology for engineers / _cby Edmund G. R. Kraal |
| 250 | _a3rd ed. | ||
| 260 |
_aLondon _bReed _c1985 |
||
| 300 | _a608 p. | ||
| 650 | 0 | _aElectrical Engineering | |
| 942 | _cBK | ||